000 00462nam a2200181Ia 4500
003 GCL
008 140319s9999 xx 000 0 eng d
040 _aGCL /
_cGCL
082 0 4 _a305.3
_bG G
100 1 _aGOLOMBOK, SUSAN
245 1 0 _aGENDER DEVELOPMENT /
_cGOLOMBOK, SUSAN
700 1 _aFIVUSH, ROBYN
260 _a[S.N] :
_bCOMBRIDGE UNIVERSITY PRESS ،
_c1994
300 _a275 P
650 0 4 _aSEX ROLE
650 0 4 _aGENDER IDENTITY
942 _2ddc
_cBK
999 _c19463
_d19463